Flags With Stars on Them #5 - Statistics

General Stats
  • This quiz has been taken 61 times
  • The average score is 12 of 14
Answer Stats
Picture Answer % Correct
China
95%
United States of America
95%
Algeria
92%
Australia
92%
New Zealand
92%
Pakistan
90%
Turkey
87%
Micronesia
85%
Cameroon
82%
Tuvalu
82%
Cape Verde
79%
Dominica
79%
Central African Republic
77%
Saint Kitts & Nevis
62%
No matching quizzes found
Score Distribution
Percent of People with Each Score
Percentile by Number Answered
Your Score History
You have not taken this quiz